Greek production and exports in figures
Αποθηκεύτηκε σε:
| Συγγραφή απο Οργανισμό/Αρχή: | |
|---|---|
| Μορφή: | Βιβλίο |
| Γλώσσα: | English |
| Δημοσίευση: |
Athens :
National Bank of Greece. Foreign Trade Division,
[1959].
|
| Θέματα: | |
| Ετικέτες: |
Προσθήκη ετικέτας
Δεν υπάρχουν, Καταχωρήστε ετικέτα πρώτοι!
|
MARC
| LEADER | 00000cam a2200000 i 4500 | ||
|---|---|---|---|
| 001 | 1/61449 | ||
| 008 | 141210s1959 gr | ||| |||| ||eng|| | ||
| 035 | |l 10120054 | ||
| 040 | |a GR-MyUA |b gre |e AACR2 | ||
| 041 | 0 | |a eng | |
| 082 | 0 | |a 380.09495 |2 (23) | |
| 245 | 1 | 0 | |a Greek production and exports in figures / |c National Bank of Greece. Foreign Trade Division. |
| 260 | |a Athens : |b National Bank of Greece. Foreign Trade Division, |c [1959]. | ||
| 300 | |a 137 σ. : |b πιν. ; |c 21 εκ. | ||
| 610 | 2 | 0 | |a Εθνική Τράπεζα της Ελλάδος. |
| 650 | 0 | 0 | |a Industries |z Greece. |
| 651 | 0 | |a Greece |x Commerce. | |
| 710 | 2 | |a Εθνική Τράπεζα της Ελλάδος. | |
| 852 | |a INST |b SAMOS |c PORFYRIADA |e 20141210 |h 380.09495 GRE |p 005300040908 |q 005300040908 |t NOLOAN |y 23 | ||
| 901 | |a BIBL3-2014-3 | ||
| 909 | |a Σ |b 185521 | ||
| 970 | |a ΚΟΣΙΕΡΗΣ |b ΧΡΗΣΤΟΣ |z 2014/12/10 | ||